Women of Fes : (Record no. 761)

000 -LEADER
fixed length control field 01715cam a22003974a 4500
003 - CONTROL NUMBER IDENTIFIER
control field OSt
005 - DATE AND TIME OF LATEST TRANSACTION
control field 20210617071322.0
008 - FIXED-LENGTH DATA ELEMENTS--GENERAL INFORMATION
fixed length control field 090624s2009 pauab b 001 0 eng c
020 ## - INTERNATIONAL STANDARD BOOK NUMBER
International Standard Book Number 9780812241242
020 ## - INTERNATIONAL STANDARD BOOK NUMBER
International Standard Book Number 081224124X
040 ## - CATALOGING SOURCE
Transcribing agency BTCTA
042 ## - AUTHENTICATION CODE
Authentication code pcc
043 ## - GEOGRAPHIC AREA CODE
Geographic area code f-mr---
050 00 - LIBRARY OF CONGRESS CALL NUMBER
Classification number HQ1791
Item number .Z9 F4768 2009
100 1# - MAIN ENTRY--PERSONAL NAME
Personal name Newcomb, Rachel,
Dates associated with a name 1974-
245 10 - TITLE STATEMENT
Title Women of Fes :
Remainder of title ambiguities of urban life in Morocco /
Statement of responsibility, etc. Rachel Newcomb.
260 ## - PUBLICATION, DISTRIBUTION, ETC.
Place of publication, distribution, etc. Philadelphia :
Name of publisher, distributor, etc. University of Pennsylvania Press,
Date of publication, distribution, etc. c2009.
300 ## - PHYSICAL DESCRIPTION
Extent 236 p. :
Other physical details ill., map ;
Dimensions 24 cm.
500 ## - GENERAL NOTE
General note Originally presented as the author's thesis (Ph. D.--Princeton University, 2004) under title: "Singing to so many audiences" : negotiations of gender, identity, and social space in Fes, Morocco.
504 ## - BIBLIOGRAPHY, ETC. NOTE
Bibliography, etc. note Includes bibliographical references (p. [209]-222) and index.
650 #0 - SUBJECT ADDED ENTRY--TOPICAL TERM
Topical term or geographic name entry element Women
Geographic subdivision Morocco
-- Fès
General subdivision Social conditions
Chronological subdivision 21st century.
650 #0 - SUBJECT ADDED ENTRY--TOPICAL TERM
Topical term or geographic name entry element Women
Geographic subdivision Morocco
-- Fès
General subdivision Social life and customs
Chronological subdivision 21st century.
650 #0 - SUBJECT ADDED ENTRY--TOPICAL TERM
Topical term or geographic name entry element Middle class women
Geographic subdivision Morocco
-- Fès
General subdivision Social conditions
Chronological subdivision 21st century.
650 #0 - SUBJECT ADDED ENTRY--TOPICAL TERM
Topical term or geographic name entry element Middle class women
Geographic subdivision Morocco
-- Fès
General subdivision Social life and customs
Chronological subdivision 21st century.
906 ## - LOCAL DATA ELEMENT F, LDF (RLIN)
a 7
b cbc
c pccadap
d 2
e ncip
f 20
g y-gencatlg
942 ## - ADDED ENTRY ELEMENTS (KOHA)
Source of classification or shelving scheme
Koha item type Book
Suppress in OPAC SO
Holdings
Withdrawn status Lost status Source of classification or shelving scheme Damaged status Not for loan Permanent Location Current Location Shelving location Date acquired Total Checkouts Full call number Barcode Date last seen Price effective from Koha item type Public note
          AU LIBRARY AU LIBRARY Open Shelf 17.06.2021   HQ1791 .Z9 F4768 2009 28003107 17.06.2021 17.06.2021 Book SO

Powered by Koha